[Event "World ol U16"]
[Site "Eindhoven"]
[Date "2023.08.15"]
[Round "4.26"]
[White "He, Matthew"]
[Black "La Fleur, Juninho"]
[Result "1-0"]
[WhiteElo "1839"]
[BlackElo "1444"]
[PlyCount "81"]
[EventDate "2023.08.13"]
[EventType "team-swiss"]
[EventRounds "9"]
[EventCountry "NED"]
[SourceTitle "CBM 215 Extra"]
[Source "ChessBase"]
[SourceDate "2023.09.30"]
[SourceVersion "1"]
[SourceVersionDate "2023.09.30"]
[SourceQuality "1"]
[WhiteTeam "Canada III"]
[BlackTeam "Trinidad and Tobago"]
[WhiteTeamCountry "CAN"]
[BlackTeamCountry "TRI"]

1. d4 d5 2. c4 c6 3. Nf3 Nf6 4. e3 Bf5 5. Nc3 dxc4 6. Bxc4 e6 7. 0-0 Be7 8. Re1 0-0 9. e4 Bg6 10. Bf4 Bh5 11. d5 exd5 12. exd5 Bb4 13. d6 Nbd7 14. Qb3 Bxc3 15. Qxc3 Nb6 16. Bb3 Nbd5 17. Qd2 Bxf3 18. gxf3 Qd7 19. Be5 Rad8 20. Rad1 Qf5 21. Bxf6 Nxf6 22. Kg2 Rd7 23. Re7 Qc5 24. Rxd7 Nxd7 25. Re1 Qb6 26. Re7 Qd8 27. Qf4 Nf6 28. Rxb7 a5 29. Rc7 a4 30. Bc4 Nd5 31. Bxd5 cxd5 32. Qe5 Re8 33. Qxd5 Qf6 34. Qd2 Qg6+ 35. Kh1 Qb1+ 36. Rc1 Qxa2 37. d7 Rd8 38. Qa5 Rf8 39. d8Q Qxb2 40. Qxf8+ Kxf8 41. Qd8# 1-0

[Event "Pan American-ch Hybrid U14 31st"]
[Site "Tornelo INT"]
[Date "2021.09.04"]
[Round "2"]
[White "Mahabir, Yuri Harvard"]
[Black "La Fleur, Juninho"]
[Result "1/2-1/2"]
[WhiteElo "1107"]
[BlackElo "1312"]
[PlyCount "98"]
[EventDate "2021.09.04"]
[EventType "swiss"]
[EventRounds "9"]
[EventCountry "NET"]
[SourceTitle "EXT 2023"]
[Source "ChessBase"]
[SourceDate "2022.10.05"]
[SourceVersion "1"]
[SourceVersionDate "2022.10.05"]
[SourceQuality "1"]

1. d4 d5 2. Nf3 Nf6 3. c4 c6 4. Nc3 dxc4 5. Bg5 Bf5 6. e3 b5 7. a4 b4 8. Na2 e6 9. Bxc4 a5 10. 0-0 h6 11. Bh4 Nbd7 12. Nc1 Be7 13. Nd3 Bg4 14. Bxf6 Bxf6 15. h3 Bh5 16. Nf4 Bxf3 17. Qxf3 Qc7 18. Rac1 Qd6 19. Bb5 0-0 20. Rxc6 Qe7 21. Qe4 e5 22. Nd5 Qd8 23. Rd6 Ra7 24. Nxf6+ Nxf6 25. Qxe5 Qc7 26. Qc5 Qxc5 27. dxc5 Ne4 28. Rd5 Rc7 29. c6 Nf6 30. Rd4 Nh7 31. Rd7 Rxd7 32. cxd7 Rd8 33. Rd1 Nf6 34. f4 Kf8 35. e4 Nxe4 36. Rc1 Nf6 37. Rc8 Ke7 38. Rxd8 Kxd8 39. Kf1 Nxd7 40. Bxd7 Kxd7 41. Ke2 Kd6 42. Kd3 Kd5 43. b3 f5 44. g3 h5 45. h4 g6 46. Ke3 Kc5 47. Kd3 Kd5 48. Ke3 Kc5 49. Kd3 Kd5 1/2-1/2